Разбиране и интерпретация в психоанализата (Запис номер 323228)
[ съкратено ]
| 000 -Лидер | |
|---|---|
| Лидер | 01181aam a2200301 a 4500 |
| 003 - Код на организацията, давaща контролен номер | |
| Код на организацията, даваща контролен номер | BLK |
| 005 - Дата и час на последна редакция | |
| Дата и час на последна редакция | 20240830115012.0 |
| 008 - Елементи от данни с фиксирана дължина | |
| Елементи с фиксирана дължина | 180711b bul||||| |||| 00| 0 bul d |
| 020 ## - Международен стандартен номер на книга ISBN | |
| ISBN | 978-954-535-937-8 |
| 040 ## - Източник на каталожния запис | |
| Код на библиотеката | BLK |
| 041 ## - Код за език | |
| Език | Български |
| Език за КДБФ | Български |
| 080 ## - УДК | |
| УДК текст | Психоанализа |
| УДК код | 159.964.2 |
| УДК – код + определител | 159.964.2 |
| 100 ## - Редна дума - Автор | |
| Автор | Тодоров, Орлин Стефанов |
| R(LIN) | 1299 |
| 245 ## - Сведения за заглавието | |
| Заглавие | Разбиране и интерпретация в психоанализата |
| Авторска отговорност | Орлин Тодоров |
| 260 ## - Област на издателските данни | |
| Място на издаване | София |
| Име на издателя | Нов български университет |
| Година на издаване | 2017 |
| 300 ## - Физическа характеристика | |
| Брой страници | 168 с. |
| Илюстрации | с табл., диагр. |
| Размер | 21 см |
| 380 ## - Жанр | |
| Жанр | Философия |
| 500 ## - Общи забележки | |
| Обща забележка | Биогр. данни за авт. отбелязани на гърба на кор. - Рез. на англ. ез. - Азб. показалец. |
| 504 ## - Забележка за наличие на библиография и др | |
| Библиография | Библиогр.: с. 157-160 |
| 650 #7 - Допълнително описание по предмет – тема | |
| 9 (RLIN) | 168303 |
| Предметна рубрика | Психоанализа |
| 852 ## - Местоположение | |
| Сигнатура (форматна) | Цб 289485 |
| 942 ## - АРТИКУЛИ | |
| Вид на библиотечния документ | Книги |
| Източник на класификационната схема | Universal Decimal Classification |
| Скрит в OPAC | Не |
| Koha issues (borrowed), all copies | 2 |
| 944 ## - СЪЗДАВАНЕ И РЕДАКЦИЯ на ЗАПИСА | |
| Дата на регистрацията/редакция | ДГ |
| Служител, извършил регистрацията/редакцията | 30530 |
| Номер на служител | Минев Младен |
| 999 ## - СИСТЕМНИ КОНТРОЛНИ НОМЕРА | |
| Koha biblionumber | 323228 |
| Koha biblioitemnumber | 323228 |
| 999 ## - СИСТЕМНИ КОНТРОЛНИ НОМЕРА | |
| Koha biblioitemnumber | 323228 |
| 999 ## - СИСТЕМНИ КОНТРОЛНИ НОМЕРА | |
| Koha biblioitemnumber | 323228 |
| 999 ## - СИСТЕМНИ КОНТРОЛНИ НОМЕРА | |
| Koha biblioitemnumber | 323228 |
| Код за отписване | Код за изгубен артикул | Източник на класификационната схема | Код за повреда | Код за отдаване | Артикулен № | Име на библиотеката - собственик | Име на библиотеката, в която се намира в момента | Статус (Текущо местоположение) | Дата на вписване в системата | Местоположение - отдел | Цена в лева | Инвентарен номер | Систематично азбучна сигнатура | Баркод | Цена в евро | Служебен тип на артикула | Коз за рестрикции |
|---|---|---|---|---|---|---|---|---|---|---|---|---|---|---|---|---|---|
| Не е изгубен | Universal Decimal Classification | Не е повреден | заемане за дома | 678143 | Регионална библиотека "Любен Каравелов" Русе | Регионална библиотека "Любен Каравелов" Русе | Хранилище | 2018-07-04 | Хранилище | 8.00 | 120000820841 | Цб 289485 | 120000820841 | 4.09 | Книги | ||
| Не е изгубен | Universal Decimal Classification | Не е повреден | ползва се в читалня | 750846 | Регионална библиотека "Любен Каравелов" Русе | Регионална библиотека "Любен Каравелов" Русе | Читалня | 2019-12-04 | Читалня | 6.40 | Ч 159.9/Т 64 | 120000839115 | 3.27 | Книги | без рестрикции | ||
| Не е изгубен | Universal Decimal Classification | Не е повреден | заемане за дома | 750847 | Регионална библиотека "Любен Каравелов" Русе | Регионална библиотека "Любен Каравелов" Русе | Заемна - подръчен фонд | 2019-12-04 | Заемна - подръчен фонд | 6.40 | П 159.964.2/Т 64-О | 120000839116 | 3.27 | Книги | без рестрикции |